Diálogo com as raízes : jornal de fim da caminhada /
Furkejuvvon:
| Váldodahkki: | |
|---|---|
| Materiálatiipa: | Girji |
| Giella: | portugalágiella |
| Almmustuhtton: |
Salvador, Brasil : Río de Janeiro, Brasil :
GRD ; Instituto Nacional do Livro,
1971, c1971
|
| Fáttát: | |
| Fáddágilkorat: |
Eai fáddágilkorat, Lasit vuosttaš fáddágilkora!
|
MARC
| LEADER | 00000nam^a2200000^a^4500 | ||
|---|---|---|---|
| 001 | 000156135 | ||
| 005 | 20250521000000.0 | ||
| 009 | 20260310100454.198 | ||
| 037 | |a Acervo ITESO - Biblioteca | ||
| 041 | |a POR | ||
| 082 | |a 869. |b SIL | ||
| 100 | |a Silveira, Tasso da |e (autor) | ||
| 245 | 1 | 0 | |a Diálogo com as raízes : |b jornal de fim da caminhada / |c T. da Silveira. |
| 264 | 4 | |a Salvador, Brasil : |b GRD ; |a Río de Janeiro, Brasil : |b Instituto Nacional do Livro, |c 1971, c1971 | |
| 300 | |a 189 p. | ||
| 336 | |a texto |b txt |2 rdacontenido | ||
| 337 | |a sin mediación |b n |2 rdamedio | ||
| 338 | |a volumen |b nc |2 rdasoporte | ||
| 649 | |a XX | ||
| 650 | |a Ensayos Brasileños | ||
| 650 | |a Literatura Brasileña - |y Siglo XX | ||
| 910 | |a Fondo Salvador Reynoso Reynoso | ||
| 920 | |a Impresos - Libros | ||
| 930 | |a Fondos Especiales | ||
| 940 | |a Literatura | ||
| 905 | |a 112 | ||
| 901 | |a 0800016191 |b IT2 |c ESP |u 20250521 | ||
| 902 | |a https://opac.biblio.iteso.mx/vufind/Record/000156135 | ||